000 00157 a2200085 4500
020 _a9788428808330
041 _aspa
245 _a50 cartas a dios
942 _cBK
999 _c10830
_d10830